000 00503nam a2200193Ia 4500
005 20240823053535.0
008 240823s9999||||xx |||||||||||||| ||und||
020 _a978-93-513-4349-3
041 _aENGLISH
082 _A624.1821 Q5
100 _aDuggal S K
245 0 _aLimit State Design of Steel Structures
250 _a1st
260 _c2015
_b"Tata McGraw-Hill Publishing Company Ltd,New "
500 _aTRANSFERED
650 _aSteel structures
_bCivil
942 _cBK
999 _c224386
_d224386